[Event "4NCL Division 3 North"]
[Site "Bolton, ENG"]
[Date "2020.02.08"]
[Round "5.203"]
[White "Jones, Neil T"]
[Black "Whyte, Brian G"]
[Result "1-0"]
[WhiteElo "1870"]
[BlackElo "2117"]
[PlyCount "105"]
[EventDate "2020.02.08"]
[WhiteTeam "Manchester Manticores 3"]
[BlackTeam "Shropshire 1"]

1. e4 e5 2. Nf3 Nc6 3. Bc4 Bc5 4. c3 Nf6 5. d3 a6 6. Bb3 d6 7. Nbd2 O-O 8. O-O
Kh8 9. Nc4 Ba7 10. Bg5 Be6 11. Qe2 Bxc4 12. dxc4 h6 13. Be3 Nd7 14. Bxa7 Rxa7
15. Bc2 a5 16. Ne1 Nc5 17. Nd3 Nxd3 18. Qxd3 g6 19. Ba4 Kg7 20. f4 exf4 21.
Bxc6 Qf6 22. Bd7 Raa8 23. Qd4 Rad8 24. Bh3 Qe5 25. Rxf4 c5 26. Qf2 Rde8 27. g3
g5 28. Rf5 Qxe4 29. Bg2 Qe3 30. Bd5 b6 31. Rf1 f6 32. Qxe3 Rxe3 33. R5f2 Kg6
34. g4 Re5 35. Rf5 Re3 36. Bf3 h5 37. Rd5 hxg4 38. Bxg4 Rd8 39. Kf2 Re5 40.
Rxe5 dxe5 41. Ke3 Rh8 42. h3 Rd8 43. Rf2 Rd6 44. Bf5+ Kh5 45. Rd2 Rxd2 46. Kxd2
Kh4 47. Ke3 Kg3 48. Bg4 a4 49. Ke4 a3 50. bxa3 Kf2 51. Kf5 Ke3 52. Kxf6 Kf4 53.
Bf5 1-0

[Event "4NCL Division 3 North"]
[Site "Bolton, ENG"]
[Date "2020.02.08"]
[Round "5.206"]
[White "Gostelow, David W"]
[Black "Livesey, R Nigel"]
[Result "1-0"]
[WhiteElo "1990"]
[BlackElo "1832"]
[PlyCount "75"]
[EventDate "2020.02.08"]
[WhiteTeam "Shropshire 1"]
[BlackTeam "Manchester Manticores 3"]

1. d4 e6 2. Bf4 f5 3. Nf3 Nf6 4. e3 d5 5. Be2 c6 6. O-O Be7 7. c4 O-O 8. Nc3
Ne4 9. Qc2 Nd7 10. Nxe4 fxe4 11. Nd2 Bg5 12. Bg3 Qe7 13. Qc3 Bh4 14. Bf4 Bg5
15. Bc7 Nf6 16. Bg3 Bd7 17. c5 Ne8 18. h3 Bh4 19. Bf4 Qf7 20. f3 Qg6 21. Kh1
Nf6 22. fxe4 dxe4 23. Bd6 Nd5 24. Qb3 Rf2 25. Rxf2 Bxf2 26. Rf1 Bxe3 27. Qxb7
Re8 28. Nc4 Bc8 29. Qxc6 Bxd4 30. Be5 Ne3 31. Nxe3 Bxe3 32. Bb5 Rd8 33. Bd6 Qg5
34. b4 h6 35. Qxe4 Bd2 36. Bd3 g6 37. h4 Qh5 38. Be2 1-0

[Event "4NCL Division 3 North"]
[Site "Bolton, ENG"]
[Date "2020.02.08"]
[Round "5.209"]
[White "Norris, Michael J"]
[Black "Jamieson, Ian"]
[Result "1-0"]
[WhiteElo "1814"]
[BlackElo "1960"]
[PlyCount "133"]
[EventDate "2020.02.08"]
[WhiteTeam "Manchester Manticores 3"]
[BlackTeam "Shropshire 1"]

1. d4 e6 2. c4 f5 3. Nc3 Nf6 4. g3 c6 5. Bg2 d5 6. cxd5 exd5 7. Nf3 Na6 8. O-O
Nc7 9. Ne5 Be7 10. a3 O-O 11. Qd3 Ne4 12. f3 Nxc3 13. bxc3 Bf6 14. f4 Be6 15.
a4 Ne8 16. Ba3 Nd6 17. Rfb1 Rb8 18. e3 Re8 19. Bc5 a6 20. Bb6 Qc8 21. Ba7 Ra8
22. Bc5 Ne4 23. Bxe4 fxe4 24. Qe2 Bxe5 25. dxe5 b5 26. a5 Bg4 27. Qf1 Qf5 28.
Rb2 Re6 29. Rc1 h5 30. h4 Rg6 31. Be7 Re6 32. Bg5 Rf8 33. Qe1 Qf7 34. Ra2 Qa7
35. Qd2 Rf7 36. Qd4 Rd7 37. Qxa7 Rxa7 38. Bd8 Rg6 39. Kh2 Be6 40. Rd2 Rb7 41.
Bb6 Bf5 42. Bc5 Kf7 43. Rg1 Ke6 44. Rd4 Rb8 45. Bd6 Rd8 46. Bc5 Bg4 47. Bb6 Rh8
48. Bc5 Bf5 49. Kg2 Rg4 50. Kf2 g5 51. fxg5 Kxe5 52. Rdd1 Rh7 53. Ra1 Rf7 54.
Bd4+ Kd6 55. Bf6 Be6 56. Ke2 c5 57. Kd2 Rb7 58. Raf1 Rf7 59. Rf4 Rxf4 60. gxf4
Bf5 61. Be5+ Kc6 62. g6 Rf8 63. g7 Rg8 64. Rg5 Be6 65. Rxh5 Kd7 66. Rh8 Ke7 67.
h5 1-0

[Event "4NCL Division 3 North"]
[Site "Bolton, ENG"]
[Date "2020.02.08"]
[Round "5.202"]
[White "Rutter, Nick J"]
[Black "Clarke, Paul R H"]
[Result "1-0"]
[WhiteElo "2222"]
[BlackElo "1698"]
[PlyCount "100"]
[EventDate "2020.02.08"]
[WhiteTeam "Shropshire 1"]
[BlackTeam "Bradford DCA Knights C"]

1. e4 d6 2. d4 Nf6 3. Nc3 Nbd7 4. g4 h6 5. h3 e5 6. Bg2 c6 7. Nge2 Be7 8. O-O
O-O 9. Ng3 Re8 10. Nf5 Bf8 11. Re1 Qc7 12. Be3 b6 13. Qf3 Bb7 14. Rad1 exd4 15.
Bxd4 Ne5 16. Bxe5 dxe5 17. Nxh6+ gxh6 18. Qxf6 Re6 19. Qf3 Rd8 20. Rxd8 Qxd8
21. Rd1 Rd6 22. Rxd6 Qxd6 23. Qd3 Qb4 24. Nd1 Qa5 25. a3 Ba6 26. Qc3 Qb5 27.
Ne3 Qc5 28. Qxc5 Bxc5 29. Nf5 Bf8 30. Bf1 Bc8 31. Ng3 a5 32. Bc4 b5 33. Ba2 b4
34. axb4 axb4 35. Bc4 Bd7 36. Kf1 Kg7 37. f3 Be7 38. Ne2 h5 39. Kg2 hxg4 40.
fxg4 f6 41. Ng1 Bc5 42. Nf3 Be3 43. c3 Bf4 44. Kf2 c5 45. Ne1 Bc6 46. Kf3 Kg6
47. Nd3 Bh2 48. Nxc5 Kg5 49. Be6 Kh4 50. Nd3 Kxh3 1-0

[Event "4NCL Division 3 North"]
[Site "Bolton, ENG"]
[Date "2020.02.08"]
[Round "5.205"]
[White "Waite, Nicholas"]
[Black "Paul, Nathanael"]
[Result "0-1"]
[WhiteElo "1412"]
[BlackElo "2117"]
[PlyCount "48"]
[EventDate "2020.02.08"]
[WhiteTeam "Bradford DCA Knights C"]
[BlackTeam "Shropshire 1"]

1. d4 d5 2. Nc3 Nf6 3. Bf4 c5 4. e3 a6 5. dxc5 Nc6 6. a3 e5 7. Bg5 Be6 8. h3
Bxc5 9. Na4 Ba7 10. Be2 Qa5+ 11. c3 b5 12. b4 Qc7 13. Nb2 Ne4 14. Bh4 g5 15. f3
Nxc3 16. Qc2 Nxe2 17. Bxg5 Nxg1 18. Bf6 Rg8 19. Rxg1 Bxe3 20. Bxe5 Qxe5 21.
Qxc6+ Ke7 22. Nd3 Qxa1+ 23. Ke2 Qa2+ 24. Kxe3 d4+ 0-1

[Event "4NCL Division 3 North"]
[Site "Bolton, ENG"]
[Date "2020.02.09"]
[Round "6.11"]
[White "Rawlinson, Aidan M"]
[Black "Higgie, Charles L"]
[Result "1-0"]
[WhiteElo "2170"]
[BlackElo "1960"]
[PlyCount "79"]
[EventDate "2020.02.09"]
[WhiteTeam "Manchester Manticores 2"]
[BlackTeam "Shropshire 2"]

1. d4 Nf6 2. c4 g6 3. g3 Bg7 4. Bg2 d5 5. cxd5 Nxd5 6. Nf3 c5 7. e4 Nb4 8. d5
f5 9. a3 fxe4 10. axb4 exf3 11. Qxf3 cxb4 12. O-O Nd7 13. Re1 Ne5 14. Qb3 a5
15. Bf4 Nf7 16. Nd2 O-O 17. Ne4 Nd6 18. Rac1 Bf5 19. Nc5 Rc8 20. Bxd6 exd6 21.
Ne6 Bxe6 22. dxe6 Qe7 23. Bxb7 Rxc1 24. Rxc1 Bxb2 25. Rc7 Qxc7 26. e7+ Kg7 27.
Qxb2+ Kf7 28. Bd5+ Kxe7 29. Qg7+ Rf7 30. Qxf7+ Kd8 31. Qg8+ Kd7 32. Qxh7+ Kc8
33. Qxg6 Qc5 34. Qe8+ Kc7 35. Qe7+ Kc8 36. Qb7+ Kd8 37. h4 a4 38. Be6 Qc7 39.
Qxc7+ Kxc7 40. h5 1-0

[Event "4NCL Division 3 North"]
[Site "Bolton, ENG"]
[Date "2020.02.09"]
[Round "6.12"]
[White "Lewis, Christopher D"]
[Black "Mulleady, Peter J"]
[Result "1/2-1/2"]
[WhiteElo "1930"]
[BlackElo "2020"]
[PlyCount "32"]
[EventDate "2020.02.09"]
[WhiteTeam "Shropshire 2"]
[BlackTeam "Manchester Manticores 2"]

1. e4 c5 2. Nf3 Nc6 3. d4 cxd4 4. Nxd4 Nf6 5. Nc3 e5 6. Ndb5 d6 7. a4 a6 8. Na3
Be7 9. Be3 Ng4 10. Bd2 Qb6 11. Qe2 Nd4 12. Qd3 Qxb2 13. Ra2 Qb6 14. Nd5 Qd8 15.
Nc4 Nc6 16. c3 Nf6 1/2-1/2

[Event "4NCL Division 3 North"]
[Site "Bolton, ENG"]
[Date "2020.02.09"]
[Round "6.13"]
[White "Hilton, Tim"]
[Black "Sheard, Martin"]
[Result "1-0"]
[WhiteElo "1990"]
[BlackElo "1892"]
[PlyCount "34"]
[EventDate "2020.02.09"]
[WhiteTeam "Manchester Manticores 2"]
[BlackTeam "Shropshire 2"]

1. d4 Nf6 2. Nc3 d5 3. Bf4 a6 4. e3 e6 5. g4 c5 6. g5 Ng8 7. Nf3 Nc6 8. Qd2 Bd6
9. dxc5 Bxc5 10. Na4 Bb4 11. c3 Bf8 12. Nd4 Bd7 13. Nxc6 Bxc6 14. Qd4 Ne7 15.
Be2 Nc8 16. h4 Bd6 17. Bxd6 Nxd6 {at this point both players were recording in
hieroglyphics} 1-0

[Event "4NCL Division 3 North"]
[Site "Bolton, ENG"]
[Date "2020.02.09"]
[Round "6.14"]
[White "Hinchcliffe, Gary"]
[Black "Reed, John"]
[Result "1/2-1/2"]
[WhiteElo "1862"]
[BlackElo "1930"]
[PlyCount "61"]
[EventDate "2020.02.09"]
[WhiteTeam "Shropshire 2"]
[BlackTeam "Manchester Manticores 2"]

1. d4 Nf6 2. Bf4 g6 3. Nf3 d6 4. e3 Bg7 5. Nbd2 O-O 6. Be2 Nbd7 7. h3 b6 8. O-O
Bb7 9. c3 c5 10. Qb3 a6 11. a4 Rc8 12. Qa2 Rc7 13. b4 cxb4 14. cxb4 Qa8 15.
Rfc1 Rfc8 16. Rxc7 Rxc7 17. Bc4 Bd5 18. Bg3 Bxc4 19. Nxc4 Ne4 20. Bh4 Kf8 21.
Ncd2 Nxd2 22. Qxd2 Qc8 23. Ra2 Nf6 24. Bxf6 Bxf6 25. Ne1 e5 26. dxe5 Bxe5 27.
Rc2 Ke7 28. Kf1 Bc3 29. Qd3 Bxe1 30. Rxc7+ Qxc7 31. Kxe1 1/2-1/2

[Event "4NCL Division 3 North"]
[Site "Bolton, ENG"]
[Date "2020.02.09"]
[Round "6.15"]
[White "Collins, Richard A"]
[Black "Tarr, Steve F"]
[Result "1/2-1/2"]
[WhiteElo "1960"]
[BlackElo "1817"]
[PlyCount "69"]
[EventDate "2020.02.09"]
[WhiteTeam "Manchester Manticores 2"]
[BlackTeam "Shropshire 2"]

1. e4 c5 2. Nf3 d6 3. d4 cxd4 4. Nxd4 Nf6 5. Nc3 g6 6. Bc4 Bg7 7. O-O O-O 8.
Bb3 Nc6 9. h3 Bd7 10. Be3 Rc8 11. a3 Na5 12. Qe2 Nxb3 13. Nxb3 a6 14. Rad1 Rxc3
15. bxc3 Nxe4 16. Bd4 Nxc3 17. Bxc3 Bxc3 18. Qf3 Qc7 19. Nd4 b6 20. Rd3 Rc8 21.
Rb1 e5 22. Ne2 Ba5 23. Rbd1 e4 24. Qxe4 Bf5 25. Qf4 Bxd3 26. cxd3 Qe7 27. Kf1
Re8 28. Qf3 b5 29. g3 Bb6 30. Nf4 Bd4 31. Rc1 Qf6 32. Rc2 Be5 33. Qc6 Rd8 34.
Nd5 Qe6 35. Kg2 1/2-1/2

[Event "4NCL Division 3 North"]
[Site "Bolton, ENG"]
[Date "2020.02.09"]
[Round "6.16"]
[White "Ross, Stuart"]
[Black "Tyton, Adam"]
[Result "1/2-1/2"]
[WhiteElo "1750"]
[BlackElo "1952"]
[PlyCount "33"]
[EventDate "2020.02.09"]
[WhiteTeam "Shropshire 2"]
[BlackTeam "Manchester Manticores 2"]

1. e4 c6 2. d4 d5 3. Nc3 dxe4 4. Nxe4 Nd7 5. Ng5 Ngf6 6. Bd3 e6 7. N1f3 Be7 8.
O-O O-O 9. c4 h6 10. Ne4 Nxe4 11. Bxe4 Nf6 12. Qe2 Nxe4 13. Qxe4 Bd6 14. Bf4
Qc7 15. Bxd6 Qxd6 16. c5 Qd5 17. Qxd5 1/2-1/2

[Event "4NCL Division 3 North"]
[Site "Bolton, ENG"]
[Date "2020.02.09"]
[Round "6.21"]
[White "Watson, Phil R"]
[Black "Gardiner, Eric D"]
[Result "0-1"]
[WhiteElo "2118"]
[BlackElo "2006"]
[PlyCount "114"]
[EventDate "2020.02.09"]
[WhiteTeam "Bradford DCA Knights A"]
[BlackTeam "Euwe's North Sea Tigers"]

1. d4 d6 2. c4 e5 3. Nf3 e4 4. Ng5 f5 5. Nc3 Be7 6. Nh3 Nf6 7. Bg5 O-O 8. e3 c6
9. Qb3 Kh8 10. Nf4 Na6 11. Be2 Nc7 12. h4 Ng8 13. g4 Rb8 14. O-O-O Ne6 15. d5
Nxf4 16. Bxf4 c5 17. g5 a6 18. Rdg1 Bd7 19. Qc2 b5 20. h5 b4 21. Nb1 h6 22.
gxh6 Nxh6 23. f3 exf3 24. Bxf3 Qe8 25. Rg6 Rf6 26. Rhg1 Rxg6 27. Rxg6 Qf8 28.
Qh2 Rb6 29. Nd2 Be8 30. Rg1 Bf6 31. e4 Bd4 32. Re1 Qf6 33. e5 dxe5 34. Bxe5
Bxe5 35. Qxe5 Bf7 36. Qxf6 Rxf6 37. Nb3 Ng4 38. Nxc5 Bxh5 39. Nd7 Rd6 40. Rh1
g6 41. Bxg4 fxg4 42. Ne5 Kg7 43. Rg1 Kf6 44. Nxg4+ Bxg4 45. Rxg4 Kf5 46. Rd4
Ke5 47. Rd1 a5 48. c5 Rxd5 49. Rg1 Rxc5+ 50. Kd2 Kf4 51. Rf1+ Ke4 52. Rf8 g5
53. Rg8 Kf4 54. Kd3 g4 55. a3 g3 56. axb4 axb4 57. Rf8+ Rf5 0-1

[Event "4NCL Division 3 North"]
[Site "Bolton, ENG"]
[Date "2020.02.09"]
[Round "6.22"]
[White "Collinson, Mark I"]
[Black "Bak, Christopher"]
[Result "1/2-1/2"]
[WhiteElo "1970"]
[BlackElo "2024"]
[PlyCount "115"]
[EventDate "2020.02.09"]
[WhiteTeam "Euwe's North Sea Tigers"]
[BlackTeam "Bradford DCA Knights A"]

1. Nf3 Nf6 2. c4 c5 3. g3 Nc6 4. Bg2 d5 5. cxd5 Nxd5 6. O-O e5 7. Nc3 Be6 8. d3
Be7 9. Bd2 O-O 10. a3 Nc7 11. Rc1 Qd7 12. Ne4 b6 13. Neg5 Bd5 14. b4 f6 15. Bh3
Qe8 16. e4 Bf7 17. Nxf7 Rxf7 18. Qb3 Kf8 19. b5 Nd8 20. a4 Bd6 21. Nh4 Nde6 22.
Nf5 Rd8 23. Rfd1 Rfd7 24. Be3 Qh5 25. Bf1 g6 26. Nh4 Be7 27. Ng2 Rd4 28. f3
Qxf3 29. Qc2 c4 30. Be2 cxd3 31. Rxd3 Qxe4 32. Rxd4 Nxd4 33. Qxe4 Nxe2+ 34. Kf2
Nxc1 35. Bxc1 Nd5 36. Bd2 Kf7 37. Qc4 Kg7 38. Ke2 Bc5 39. Ne3 Nc7 40. Bb4 Rd4
41. Bxc5 Rxc4 42. Nxc4 bxc5 43. Nd6 Kf8 44. Nc8 e4 45. Nxa7 Ke8 46. b6 Na6 47.
Nb5 Kd7 48. Nc3 f5 49. a5 Kc6 50. Ke3 Nb4 51. g4 Kb7 52. gxf5 gxf5 53. Kf4 Nc6
54. Kxf5 e3 55. Ke4 Nxa5 56. Kxe3 Kxb6 57. Na4+ Kc6 58. Nxc5 1/2-1/2

[Event "4NCL Division 3 North"]
[Site "Bolton, ENG"]
[Date "2020.02.09"]
[Round "6.23"]
[White "Ther, Mate"]
[Black "Varley, Joe"]
[Result "1-0"]
[WhiteElo "1983"]
[BlackElo "1892"]
[PlyCount "109"]
[EventDate "2020.02.09"]
[WhiteTeam "Bradford DCA Knights A"]
[BlackTeam "Euwe's North Sea Tigers"]

1. e4 e5 2. Nf3 Nc6 3. Nc3 Nf6 4. Bb5 Bb4 5. O-O O-O 6. d3 d6 7. Bg5 Bxc3 8.
bxc3 Rb8 9. Rb1 Bd7 10. Re1 a6 11. Ba4 Qe7 12. d4 h6 13. Bxf6 gxf6 14. d5 Na5
15. Bxd7 Qxd7 16. Nh4 Kh7 17. Qf3 Rg8 18. Qxf6 Rg5 19. Re3 Rbg8 20. Kh1 Qg4 21.
Rh3 Qxe4 22. Nf3 Qg6 23. Nxg5+ Qxg5 24. Qxf7+ Rg7 25. Qf3 Re7 26. Qf8 Qg7 27.
Qxg7+ Rxg7 28. Rh4 Rf7 29. f3 Kg6 30. Kg1 Kg5 31. Ra4 b6 32. Kf2 Rf5 33. h4+
Kg6 34. g4 Rf8 35. Ke3 Re8 36. Rxa5 bxa5 37. Rb7 Rc8 38. Ra7 c6 39. Rxa6 cxd5
40. Rxd6+ Kg7 41. Kd3 e4+ 42. fxe4 dxe4+ 43. Kd4 h5 44. g5 Re8 45. Ke3 Rc8 46.
Kxe4 Rxc3 47. Rd2 Rc4+ 48. Kf5 Rxh4 49. Rd7+ Kf8 50. Kg6 Rh2 51. Kh7 Ke8 52.
Ra7 Rxc2 53. g6 h4 54. g7 h3 55. g8=Q# 1-0

[Event "4NCL Division 3 North"]
[Site "Bolton, ENG"]
[Date "2020.02.09"]
[Round "6.24"]
[White "Carmichael, Ned"]
[Black "Jennings, Roger W"]
[Result "0-1"]
[WhiteElo "1825"]
[BlackElo "1998"]
[PlyCount "52"]
[EventDate "2020.02.09"]
[WhiteTeam "Euwe's North Sea Tigers"]
[BlackTeam "Bradford DCA Knights A"]

1. c4 g6 2. Nc3 Bg7 3. g3 Nf6 4. Bg2 O-O 5. e4 d6 6. Nge2 Bg4 7. h3 Bxe2 8.
Nxe2 e5 9. O-O Nc6 10. d3 Nd7 11. Be3 Nc5 12. d4 exd4 13. Nxd4 Ne5 14. Qc2 Ne6
15. Rad1 c5 16. Nxe6 fxe6 17. Bxc5 Nf7 18. Bd4 Bxd4 19. Rxd4 Rc8 20. Qa4 Qb6
21. Rd2 Ne5 22. b3 Rc5 23. Qa3 Rf3 24. Kh1 Nxc4 25. Rxd6 Qxd6 26. Qxa7 Nd2 0-1

[Event "4NCL Division 3 North"]
[Site "Bolton, ENG"]
[Date "2020.02.09"]
[Round "6.25"]
[White "Nicholson, Jim W R"]
[Black "Hackett, Thomas"]
[Result "1-0"]
[WhiteElo "1979"]
[BlackElo "1712"]
[PlyCount "101"]
[EventDate "2020.02.09"]
[WhiteTeam "Bradford DCA Knights A"]
[BlackTeam "Euwe's North Sea Tigers"]

1. d4 d5 2. Nf3 Nf6 3. e3 Bf5 4. c4 c6 5. cxd5 cxd5 6. Qb3 Qb6 7. Qxb6 axb6 8.
Bb5+ Nc6 9. Nc3 e6 10. Bd2 Bd6 11. O-O O-O 12. Nh4 Bg6 13. Nxg6 hxg6 14. Rfc1
Rfc8 15. Be2 Bb4 16. f3 e5 17. dxe5 Nxe5 18. a3 Nc4 19. Bxc4 Bxc3 20. Bxc3 dxc4
21. Rd1 Rd8 22. e4 b5 23. Kf2 Rd7 24. Rxd7 Nxd7 25. Rd1 Nc5 26. Rd5 Rc8 27. Ke3
Rc6 28. h4 Kh7 29. g4 Kg8 30. h5 b6 31. Bd4 gxh5 32. Rxh5 f6 33. Rd5 Kf7 34. g5
Kg6 35. gxf6 gxf6 36. Bc3 Kf7 37. Bd4 Kg6 38. Kd2 Ne6 39. Be3 Nc7 40. Rd7 Ne6
41. Kc3 Ng5 42. Bxg5 Kxg5 43. Rd5+ Kh4 44. Rxb5 Kg3 45. Rf5 Kf2 46. Kd4 Ke2 47.
f4 Kd2 48. e5 fxe5+ 49. Rxe5 Rf6 50. f5 Kc2 51. Rb5 1-0

[Event "4NCL Division 3 North"]
[Site "Bolton, ENG"]
[Date "2020.02.09"]
[Round "6.26"]
[White "Grice, Alec"]
[Black "Bak, Andrew"]
[Result "0-1"]
[WhiteElo "1682"]
[BlackElo "1980"]
[PlyCount "74"]
[EventDate "2020.02.09"]
[WhiteTeam "Euwe's North Sea Tigers"]
[BlackTeam "Bradford DCA Knights A"]

1. e4 c5 2. Nf3 Nc6 3. Bb5 e6 4. c3 Nge7 5. d4 cxd4 6. cxd4 d5 7. e5 Qb6 8. Nc3
Nf5 9. g4 Nfe7 10. Be3 h5 11. Ng5 hxg4 12. Qxg4 a6 13. Nxf7 Kxf7 14. Qf3+ Ke8
15. Bxc6+ bxc6 16. O-O Nf5 17. Qg4 Qc7 18. Ne2 Rh4 19. Qg2 Qf7 20. Bg5 Nxd4 21.
Nxd4 Rxd4 22. f4 Qf5 23. Qf3 a5 24. Rac1 Ba6 25. Rfe1 Rc4 26. Rxc4 Bxc4 27. h4
Bc5+ 28. Kh2 Kd7 29. Rc1 Bd4 30. Qa3 Qf8 31. Qg3 Bxb2 32. Rc2 Qa3 33. Qg4 Bd3
34. Rf2 Bd4 35. f5 Bxe5+ 36. Bf4 Bxf5 37. Qg2 Bxf4+ 0-1

[Event "4NCL Division 3 North"]
[Site "Bolton, ENG"]
[Date "2020.02.09"]
[Round "6.31"]
[White "Burke, Mitchell R"]
[Black "Davison, Colin F S"]
[Result "1-0"]
[WhiteElo "2110"]
[BlackElo "1900"]
[PlyCount "97"]
[EventDate "2020.02.09"]
[WhiteTeam "3Cs 2"]
[BlackTeam "J'Adoube 2"]

1. f4 d6 2. Nf3 Nc6 3. e4 e5 4. Nc3 Bg4 5. Bb5 exf4 6. d4 a6 7. Bxc6+ bxc6 8.
Bxf4 Ne7 9. O-O Ng6 10. Bg3 Be7 11. h3 Bd7 12. Qd2 O-O 13. Rae1 Rb8 14. b3 f5
15. e5 d5 16. Na4 f4 17. Bh2 Rf5 18. Qd3 Qc8 19. Re2 Be6 20. Qc3 Rb6 21. Nxb6
cxb6 22. Kh1 c5 23. Qd2 Bd7 24. dxc5 Qxc5 25. c4 Bc6 26. Nd4 f3 27. Nxf5 fxe2
28. Qxe2 dxc4 29. Bg1 Qb4 30. Nxe7+ Nxe7 31. Qxc4+ Qxc4 32. bxc4 b5 33. cxb5
axb5 34. Kh2 Bd5 35. Bc5 Ng6 36. a3 h6 37. Kg3 Bc4 38. Re1 Nf8 39. Bxf8 Kxf8
40. Kf4 Ke7 41. h4 Bf7 42. Rd1 Be8 43. Rd6 Bd7 44. Rb6 Be8 45. g3 Bd7 46. Rg6
Kf7 47. Rb6 Ke7 48. Ke4 Be8 49. Kd5 1-0

[Event "4NCL Division 3 North"]
[Site "Boston ENG"]
[Date "2020.02.09"]
[Round "6.32"]
[White "Hirst, Joe"]
[Black "Rita, Joao Candido"]
[Result "0-1"]
[WhiteElo "1989"]
[BlackElo "1800"]
[PlyCount "50"]
[EventDate "2019.02.10"]
[EventCountry "USA"]

1. e4 c6 2. d4 d5 3. e5 c5 4. dxc5 e6 5. a3 Bxc5 6. b4 Bb6 7. Bb2 Nh6 8. h3 Qh4
9. Bb5+ Nc6 10. Qe2 O-O 11. Nf3 Qe7 12. g4 a5 13. c3 f6 14. O-O Nxe5 15. Nxe5
fxe5 16. c4 e4 17. c5 Bc7 18. f3 exf3 19. Rxf3 Bd7 20. Rxf8+ Rxf8 21. Nc3 Bc6
22. Re1 Qh4 23. Bxc6 bxc6 24. Qxe6+ Kh8 25. Re2 Qxh3 0-1

[Event "4NCL Division 3 North"]
[Site "Bolton, ENG"]
[Date "2020.02.09"]
[Round "6.33"]
[White "Adams, Philip"]
[Black "Parry, Samuel"]
[Result "1/2-1/2"]
[WhiteElo "2042"]
[BlackElo "1915"]
[PlyCount "40"]
[EventDate "2020.02.09"]
[WhiteTeam "3Cs 2"]
[BlackTeam "J'Adoube 2"]

1. e4 c5 2. Nf3 d6 3. Bb5+ Nc6 4. O-O Bd7 5. c3 Nf6 6. Re1 a6 7. Bf1 Bg4 8. h3
Bxf3 9. Qxf3 g6 10. d3 Bg7 11. Be3 Nd7 12. Nd2 b5 13. a3 O-O 14. Qd1 e5 15. Nf3
Qb6 16. b4 a5 17. bxc5 dxc5 18. Rb1 Rfb8 19. Qb3 Qd8 20. Rec1 b4 1/2-1/2

[Event "4NCL Division 3 North"]
[Site "Bolton, ENG"]
[Date "2020.02.09"]
[Round "6.34"]
[White "Floresc, Petru"]
[Black "Ye, Kevin"]
[Result "1-0"]
[WhiteElo "1900"]
[BlackElo "1922"]
[PlyCount "87"]
[EventDate "2020.02.09"]
[WhiteTeam "J'Adoube 2"]
[BlackTeam "3Cs 2"]

1. c4 e6 2. e4 d5 3. exd5 exd5 4. cxd5 Nf6 5. Nc3 Nxd5 6. g3 Nb4 7. Bc4 Qd4 8.
Qe2+ Be7 9. d3 Bg4 10. f3 Bf5 11. Ne4 a6 12. a3 b5 13. axb4 bxc4 14. dxc4 Bxb4+
15. Kf1 O-O 16. Be3 Qe5 17. Bf4 Qe7 18. Nc3 Be6 19. Nd5 Bxd5 20. cxd5 Qd7 21.
Qc4 Bd6 22. Ne2 Rd8 23. Kg2 Bxf4 24. Nxf4 c6 25. Rhd1 cxd5 26. Rxd5 Qe7 27. Re1
Qf6 28. Rxd8+ Qxd8 29. Qd5 Nd7 30. Rd1 Ra7 31. Qd6 h6 32. Nd5 Qb8 33. Ne7+ Kh8
34. Qd4 Qb6 35. Qg4 Qxb2+ 36. Kh3 Qb5 37. Nc8 Rc7 38. Nd6 Qb3 39. Ne8 Qb2 40.
Nxc7 Nf6 41. Qd4 Qb7 42. Qd8+ Kh7 43. Qd3+ Kh8 44. Nxa6 1-0

[Event "4NCL Division 3 North"]
[Site "Bolton, ENG"]
[Date "2020.02.09"]
[Round "6.35"]
[White "Gittens, Nathan L"]
[Black "Hankey, Chris"]
[Result "0-1"]
[WhiteElo "1990"]
[BlackElo "1832"]
[PlyCount "116"]
[EventDate "2020.02.09"]
[WhiteTeam "3Cs 2"]
[BlackTeam "J'Adoube 2"]

1. d4 Nf6 2. c4 g6 3. Nc3 d6 4. e4 Bg7 5. h3 O-O 6. Nf3 Nbd7 7. Be3 c5 8. d5 a6
9. a4 Rb8 10. Nd2 Re8 11. Be2 Nf8 12. O-O e6 13. Qc2 exd5 14. cxd5 Bd7 15. Bf4
Qe7 16. a5 Rbd8 17. Rab1 Bc8 18. b4 cxb4 19. Rxb4 Qc7 20. Rc4 Qe7 21. Rb1 N8d7
22. Rc7 Rf8 23. Bf1 Ne8 24. Rc4 Ne5 25. Rcb4 Qf6 26. Ne2 Qh4 27. Bg3 Qe7 28. f4
Nd7 29. Rc4 Nc5 30. Bf2 Bd7 31. Bxc5 Bb5 32. Bxd6 Qxd6 33. e5 Bxe5 34. fxe5
Qxe5 35. Re4 Qxd5 36. Rd4 Qg5 37. Rxd8 Qxd8 38. Nc3 Bxf1 39. Rxf1 Qxa5 40. Nde4
Qb6+ 41. Kh1 Qc6 42. Qb3 b5 43. Nd5 Kg7 44. Nef6 Nxf6 45. Nxf6 Rc8 46. Nh5+
gxh5 47. Rxf7+ Kh8 48. Qg3 Qg6 49. Qe5+ Kg8 50. Rf6 Qe8 51. Re6 Qf7 52. Qg5+
Kh8 53. Rf6 Rc1+ 54. Kh2 Qc7+ 55. Rf4 Qd6 56. Qf5 Rc4 57. g3 Rxf4 58. gxf4 b4
0-1

[Event "4NCL Division 3 North"]
[Site "Bolton, ENG"]
[Date "2020.02.09"]
[Round "6.36"]
[White "Connor, Michael I"]
[Black "Sheppard, Daniel C"]
[Result "1-0"]
[WhiteElo "1772"]
[BlackElo "1862"]
[PlyCount "65"]
[EventDate "2020.02.09"]
[WhiteTeam "J'Adoube 2"]
[BlackTeam "3Cs 2"]

1. d4 g6 2. c4 Bg7 3. g3 d6 4. Bg2 Nc6 5. Nf3 e5 6. d5 Nb8 7. Nc3 f5 8. e4 h6
9. O-O Ne7 10. Re1 O-O 11. Qc2 Nd7 12. Be3 Nf6 13. exf5 gxf5 14. Rad1 Ng6 15.
c5 a6 16. cxd6 Qxd6 17. Nd2 Ne8 18. Nc4 Qb4 19. b3 f4 20. Bc1 e4 21. Nxe4 fxg3
22. hxg3 Qb5 23. a4 Qd7 24. Nc5 Qg4 25. Ne6 Rf7 26. Ne3 Qh5 27. g4 Qh4 28. Qxg6
Qxf2+ 29. Kh2 Qh4+ 30. Bh3 Rf3 31. Qxe8+ Kh7 32. Ng5+ Qxg5 33. Qe4+ 1-0

[Event "4NCL Division 3 North"]
[Site "Bolton, ENG"]
[Date "2020.02.09"]
[Round "6.41"]
[White "Crocker, Philip J"]
[Black "Haslinger, Gareth J"]
[Result "1-0"]
[WhiteElo "2090"]
[BlackElo "2021"]
[PlyCount "151"]
[EventDate "2020.02.09"]
[WhiteTeam "Spirit of Atticus B"]
[BlackTeam "Manx Liberty 2"]

1. d4 d5 2. c4 e6 3. Nf3 c6 4. e3 f5 5. Bd3 Nf6 6. O-O Bd6 7. b3 Qe7 8. Bb2 O-O
9. Nc3 Ne4 10. Rc1 Nd7 11. Ne2 b6 12. Ne5 Bb7 13. f3 Nec5 14. Bb1 Rac8 15. Nf4
Nxe5 16. dxe5 Bb8 17. Qc2 Nd7 18. Nd3 c5 19. f4 Kh8 20. Nf2 Qh4 21. Nh3 h6 22.
Qf2 Qh5 23. Bd3 g5 24. Qe2 Qxe2 25. Bxe2 Rg8 26. cxd5 Bxd5 27. g3 Rg7 28. Rfd1
Nf8 29. Rd2 Ng6 30. Bc4 Ne7 31. Rcd1 Kg8 32. Kf2 g4 33. Ng1 Kf7 34. Bxd5 Nxd5
35. Rxd5 exd5 36. e6+ Kf8 37. Bxg7+ Kxg7 38. Rxd5 Kf6 39. Rd7 Kxe6 40. Rh7 b5
41. Ne2 Rd8 42. Rxh6+ Ke7 43. Nc3 Rd2+ 44. Ke1 Rc2 45. Nxb5 Rxa2 46. Rc6 a6 47.
Nc3 Rxh2 48. Rxc5 Bd6 49. Rc4 Rg2 50. Ne2 a5 51. Kf1 Rh2 52. Nd4 Rh5 53. Nc6+
Ke6 54. Nxa5 Kd5 55. Rd4+ Ke6 56. Nc4 Bc5 57. Rd8 Rh1+ 58. Kf2 Rb1 59. Re8+ Kd7
60. Re5 Bb4 61. Rxf5 Be1+ 62. Kg2 Rxb3 63. Rg5 Rc3 64. Ne5+ Ke6 65. Nxg4 Rc2+
66. Kf3 Bb4 67. Rb5 Bc5 68. Rb3 Rc1 69. Ne5 Bd6 70. Nd3 Rh1 71. Nf2 Re1 72. Ne4
Be7 73. Rb6+ Kf7 74. Nd6+ Kf8 75. Rb8+ Kg7 76. Nf5+ 1-0

[Event "4NCL Division 3 North"]
[Site "Bolton, ENG"]
[Date "2020.02.09"]
[Round "6.42"]
[White "Fabri, Henrik"]
[Black "Ackley, Peter J E"]
[Result "1/2-1/2"]
[WhiteElo "1938"]
[BlackElo "2021"]
[PlyCount "33"]
[EventDate "2020.02.09"]
[WhiteTeam "Manx Liberty 2"]
[BlackTeam "Spirit of Atticus B"]

1. e4 d6 2. d4 Nf6 3. Nc3 g6 4. Nf3 Bg7 5. h3 O-O 6. Be3 c6 7. a4 b6 8. Be2 a6
9. O-O Qc7 10. Qd2 Nbd7 11. Bh6 Bb7 12. Bxg7 Kxg7 13. Rfe1 e5 14. Bf1 Rfe8 15.
Rad1 b5 16. dxe5 dxe5 17. Qe3 1/2-1/2